[Event "Concepcion Henriquez Memorial"]
[Site "Concepcion"]
[Date "2021.10.02"]
[Round "9"]
[White "Munoz Apolonio, Carlos David"]
[Black "Cona Jara, David Eliezer"]
[Result "1-0"]
[WhiteElo "1647"]
[BlackElo "1779"]
[PlyCount "90"]
[EventDate "2021.09.08"]
[EventType "tourn"]
[EventRounds "9"]
[EventCountry "CHI"]
[SourceTitle "EXT 2023"]
[Source "ChessBase"]
[SourceDate "2022.10.05"]
[SourceVersion "1"]
[SourceVersionDate "2022.10.05"]
[SourceQuality "1"]

1. d4 Nf6 2. c4 g6 3. Nc3 Bg7 4. e4 d6 5. Nf3 0-0 6. Be2 e5 7. 0-0 Nc6 8. d5 Ne7 9. b4 Nh5 10. Re1 Nf4 11. Nd2 f5 12. a4 Rf7 13. Ba3 Bf8 14. Nb3 Kh8 15. c5 Ng8 16. Bf1 Qg5 17. Kh1 Nf6 18. g3 N4h5 19. Bc1 f4 20. f3 Nxg3+ 21. hxg3 Nh5 22. Ne2 Nxg3+ 23. Nxg3 Qh4+ 24. Kg1 fxg3 25. Ra2 Bd7 26. Qe2 Bxa4 27. Rxa4 Rxf3 28. Bg5 Qh5 29. Nd2 Rxf1+ 30. Nxf1 Qxg5 31. cxd6 Bxd6 32. Qe3 Qe7 33. Rxa7 Rf8 34. Rc1 Bxb4 35. Rxb7 Ba5 36. Kg2 Rf2+ 37. Kxg3 Rf4 38. Kg2 Qg5+ 39. Ng3 Bb6 40. Rxb6 cxb6 41. Rc8+ Kg7 42. d6 Qg4 43. Qd3 Rf7 44. Rc7 Rd7 45. Qb5 Rxc7 1-0

[Event "Concepcion Henriquez Memorial"]
[Site "Concepcion"]
[Date "2021.09.12"]
[Round "3"]
[White "Mundaca Bermedo, Tomas Joaquin"]
[Black "Cona Jara, David Eliezer"]
[Result "0-1"]
[WhiteElo "1512"]
[BlackElo "1779"]
[PlyCount "58"]
[EventDate "2021.09.08"]
[EventType "tourn"]
[EventRounds "9"]
[EventCountry "CHI"]
[SourceTitle "EXT 2023"]
[Source "ChessBase"]
[SourceDate "2022.10.05"]
[SourceVersion "1"]
[SourceVersionDate "2022.10.05"]
[SourceQuality "1"]

1. e4 e6 2. d4 d5 3. Nd2 Nf6 4. e5 Nfd7 5. Bd3 c5 6. c3 Nc6 7. Ne2 Qb6 8. Nf3 cxd4 9. cxd4 f6 10. exf6 Nxf6 11. 0-0 Bd6 12. a3 0-0 13. Rb1 Bd7 14. h3 Rae8 15. Re1 e5 16. dxe5 Nxe5 17. Nxe5 Bxe5 18. Be3 Qc7 19. Rc1 Qb8 20. Bd4 Bxd4 21. Nxd4 Qf4 22. Nf3 Rxe1+ 23. Nxe1 Ne4 24. Bxe4 Qxf2+ 25. Kh2 Qf4+ 26. g3 Qxe4 27. Nd3 Bc6 28. Nf4 Rxf4 29. gxf4 Qxf4+ 0-1

[Event "FIDE World Uni Rapid-B 1st"]
[Site "Tornelo INT"]
[Date "2021.03.21"]
[Round "8"]
[White "Cona Jara, David Eliezer"]
[Black "Mendez Cordoba, Yesua Leonel"]
[Result "1-0"]
[WhiteElo "1779"]
[BlackElo "1571"]
[PlyCount "143"]
[EventDate "2021.03.20"]
[EventType "swiss (rapid)"]
[EventRounds "12"]
[EventCountry "NET"]
[SourceTitle "CBM 201 Extra"]
[Source "ChessBase"]
[SourceDate "2021.05.31"]
[SourceVersion "1"]
[SourceVersionDate "2021.05.31"]
[SourceQuality "1"]

1. e4 e6 2. d4 d5 3. Nc3 Nf6 4. Bg5 Bb4 5. e5 Bxc3+ 6. bxc3 h6 7. Bd2 Ne4 8. Qg4 Kf8 9. h4 Nxd2 10. Kxd2 h5 11. Qf4 Rh6 12. Ne2 Qe7 13. Ng3 f5 14. Be2 Qf7 15. Qg5 Qe7 16. Bxh5 Qxg5+ 17. hxg5 Rh8 18. Bg6 Rg8 19. Nh5 Nc6 20. Rh2 Ne7 21. Bh7 Rh8 22. Nf4 g6 23. Rah1 Kg7 24. Rh6 Bd7 25. Bxg6 Nxg6 26. Rxg6+ Kf7 27. Rgh6 Rxh6 28. gxh6 Rh8 29. Ke3 Be8 30. g3 Ke7 31. Nd3 b6 32. Nb4 a5 33. Nd3 Kf7 34. Nf4 Ke7 35. Kd2 Bf7 36. Kc1 Kf8 37. Kb2 Kg8 38. Kb3 Kh7 39. c4 c6 40. cxd5 cxd5 41. c4 dxc4+ 42. Kxc4 Rb8 43. d5 exd5+ 44. Kd4 b5 45. e6 Bg6 46. Kxd5 Rd8+ 47. Ke5 b4 48. e7 Re8 49. Kd6 Bf7 50. Nd3 Ra8 51. Ne5 Be8 52. Nf3 Ra6+ 53. Ke5 Ra7 54. Ng5+ Kh8 55. Kf6 Ra6+ 56. Kxf5 Ra7 57. Re1 Ra6 58. Rh1 a4 59. Ne4 Bg6+ 60. Ke5 Be8 61. Nd6 Ra7 62. Ke6 Ra8 63. Nf7+ Kh7 64. Nd6 Ra6 65. Ke5 Ra7 66. Kf6 Ra6 67. Rd1 b3 68. axb3 axb3 69. Kg5 Bg6 70. e8Q Bxe8 71. Nxe8 b2 72. Nf6+ 1-0

[Event "FIDE World Uni Rapid-B 1st"]
[Site "Tornelo INT"]
[Date "2021.03.21"]
[Round "9"]
[White "Cosman, Andreea Marioara"]
[Black "Cona Jara, David Eliezer"]
[Result "1-0"]
[WhiteElo "2164"]
[BlackElo "1779"]
[PlyCount "75"]
[EventDate "2021.03.20"]
[EventType "swiss (rapid)"]
[EventRounds "12"]
[EventCountry "NET"]
[SourceTitle "CBM 201 Extra"]
[Source "ChessBase"]
[SourceDate "2021.05.31"]
[SourceVersion "1"]
[SourceVersionDate "2021.05.31"]
[SourceQuality "1"]

1. d4 Nf6 2. c4 g6 3. Nc3 Bg7 4. e4 d6 5. f3 0-0 6. Be3 c5 7. d5 e6 8. Qd2 exd5 9. cxd5 Nbd7 10. Nh3 a6 11. a4 b6 12. Be2 Ne5 13. Nf2 Rb8 14. 0-0 Re8 15. Rab1 Qc7 16. h3 c4 17. f4 Ned7 18. e5 dxe5 19. d6 Qd8 20. Bxc4 exf4 21. Bxf4 Ne5 22. Ba2 Bf5 23. Rbd1 Nfd7 24. Nd5 Be6 25. b4 Bxd5 26. Qxd5 Qh4 27. Ne4 h6 28. Rf2 Kh7 29. Rdf1 Rbc8 30. g3 Qxh3 31. Rh2 Qg4 32. Bxh6 Re6 33. Ng5+ Kg8 34. Nxe6 Nf3+ 35. Qxf3 Bd4+ 36. Nxd4 Qxd4+ 37. Be3 Qg7 38. Bxf7+ 1-0

[Event "FIDE World Uni Rapid-B 1st"]
[Site "Tornelo INT"]
[Date "2021.03.21"]
[Round "11"]
[White "Shivaram, Acharya"]
[Black "Cona Jara, David Eliezer"]
[Result "0-1"]
[WhiteElo "1145"]
[BlackElo "1779"]
[PlyCount "82"]
[EventDate "2021.03.20"]
[EventType "swiss (rapid)"]
[EventRounds "12"]
[EventCountry "NET"]
[SourceTitle "CBM 201 Extra"]
[Source "ChessBase"]
[SourceDate "2021.05.31"]
[SourceVersion "1"]
[SourceVersionDate "2021.05.31"]
[SourceQuality "1"]

1. e4 e6 2. Nf3 d5 3. e5 c5 4. c3 Bd7 5. d4 Qb6 6. Be2 Bb5 7. 0-0 Bxe2 8. Qxe2 Nc6 9. Rd1 Nge7 10. Be3 Nf5 11. Na3 cxd4 12. cxd4 Bxa3 13. bxa3 Nxe3 14. Qxe3 0-0 15. Rab1 Qa6 16. Qb3 b6 17. Qc2 Rac8 18. Ng5 g6 19. Qb3 Na5 20. Qb4 Qe2 21. Rd2 Qg4 22. Nf3 Qf5 23. Rbd1 Rc7 24. h3 Rfc8 25. Nh2 h5 26. Nf3 Rc3 27. Ne1 Qg5 28. Rd3 Rc1 29. Nf3 Rxd1+ 30. Rxd1 Qd8 31. Qb2 Nc4 32. Qc1 Qe7 33. Qh6 Qf8 34. Qxf8+ Kxf8 35. Rd3 Ke7 36. Kf1 Nb2 37. Rb3 Rc1+ 38. Ke2 Rc2+ 39. Ke1 Nc4 40. Ng1 Rxa2 41. Ne2 Ra1+ 0-1

[Event "FIDE World Uni Rapid-B 1st"]
[Site "Tornelo INT"]
[Date "2021.03.20"]
[Round "2"]
[White "Kambrath, Yannick"]
[Black "Cona Jara, David Eliezer"]
[Result "1-0"]
[WhiteElo "2375"]
[BlackElo "1779"]
[PlyCount "71"]
[EventDate "2021.03.20"]
[EventType "swiss (rapid)"]
[EventRounds "12"]
[EventCountry "NET"]
[SourceTitle "CBM 201 Extra"]
[Source "ChessBase"]
[SourceDate "2021.05.31"]
[SourceVersion "1"]
[SourceVersionDate "2021.05.31"]
[SourceQuality "1"]

1. d4 Nf6 2. c4 g6 3. Nc3 Bg7 4. e4 d6 5. Be2 0-0 6. Bg5 c6 7. f4 Qb6 8. Qd2 Re8 9. Nf3 Nbd7 10. e5 Ng4 11. h3 Nh6 12. g4 f6 13. Bh4 dxe5 14. dxe5 fxe5 15. fxe5 Nxe5 16. Nxe5 Bxe5 17. c5 Qb4 18. a3 Qb3 19. 0-0 Bg7 20. Rf4 Be6 21. Rb4 Bxc3 22. bxc3 Qd5 23. Qxh6 Rf8 24. Qe3 Bf7 25. Bc4 Qd7 26. Re1 Bxc4 27. Rxc4 Rf7 28. Re4 Re8 29. Qd4 Qc7 30. Qe5 Qa5 31. Bf2 Qxa3 32. Bd4 Rf6 33. g5 Qa2 34. Qxf6 exf6 35. Rxe8+ Kg7 36. R1e7+ 1-0

[Event "FIDE World Uni Blitz-A 1st"]
[Site "Tornelo INT"]
[Date "2021.03.13"]
[Round "4.57"]
[White "Cona Jara, David Eliezer"]
[Black "Gracia Alvarez, Gerardo Antonio"]
[Result "0-1"]
[WhiteElo "1779"]
[BlackElo "2308"]
[PlyCount "88"]
[EventDate "2021.03.13"]
[EventType "swiss (blitz)"]
[EventRounds "10"]
[EventCountry "NET"]
[SourceTitle "EXT 2022"]
[Source "ChessBase"]
[SourceDate "2021.10.06"]
[SourceVersion "1"]
[SourceVersionDate "2021.10.06"]
[SourceQuality "1"]

1. e4 c5 2. Nf3 Nc6 3. d4 cxd4 4. Nxd4 g6 5. Be3 Bg7 6. c4 Nf6 7. Nc3 d6 8. Be2 0-0 9. 0-0 Bd7 10. Rc1 Nxd4 11. Bxd4 a5 12. Qd2 Bc6 13. f3 a4 14. Rfd1 Qa5 15. Nd5 Bxd5 16. cxd5 Qxd2 17. Rxd2 Bh6 18. Rdc2 Bxc1 19. Rxc1 Rfc8 20. Rd1 Nd7 21. f4 Nc5 22. Bf3 a3 23. b3 Na6 24. e5 Nb4 25. Rd2 Rc2 26. Rd1 Rxa2 27. Bc3 Na6 28. Be4 Nc5 29. Bb1 Rb2 30. Bxb2 axb2 31. b4 Nb3 32. exd6 exd6 33. Kf2 Ra1 34. Ke2 Nc1+ 35. Kd2 Rxb1 36. Kc2 Ra1 37. Kxb2 Ra2+ 38. Kxc1 Rxg2 39. Rd2 Rxd2 40. Kxd2 Kg7 41. Ke3 Kf6 42. Ke4 h6 43. h3 b5 44. h4 h5 0-1